Top 100 Most Valued Football Players 2020 - Statistics

General Stats
  • This quiz has been taken 43 times
  • The average score is 28 of 100
Answer Stats
Hint Answer % Correct
1 231.2 million/Paris Saint Germain Kylian Mbappe
97%
22 89.3 million/Barcelona Lionel Messi
95%
61 56 million/Juventus Cristiano Ronaldo
87%
15 95.7 million/Borussia Dortmund Erling Haaland
87%
6 129.2 million/Liverpool Mohamed Salah
85%
7 124.1 million/Liverpool Sadio Mane
85%
10 105.8 million/Tottenham Hotspur Harry Kane
82%
24 87.8 million/Liverpool Virgil Van Dijk
74%
37 73.7 million/Paris Saint Germain Neymar
72%
12 105.7 million/Liverpool Roberto Firmino
72%
3 159.7 million/Borussia Dortmund Jadon Sancho
69%
2 173.6 Million/Manchester City Raheem Sterling
69%
8 121.6 million/Barcelona Antoine Griezmann
62%
42 69.5 million/Tottenham Hotspur Dele Alli
62%
47 67.4 million/Bayern Munchen Robert Lewandowski
62%
4 152.6 million/Liverpool Trent Alexander-Arnold
62%
5 135.8 million/Manchester United Marcus Rashford
59%
66 48.3 million/Lyon Moussa Dembele
54%
16 95.2 million/Bayern Munchen Serge Gnabry
54%
29 84 million/Liverpool Andy Robertson
51%
11 102.5 million/Manchester City Bernardo Silva
51%
13 100.8 million/Manchester City Gabriel Jesus
51%
30 80.5 million/Inter Milan Romelu Lukaku
51%
20 91 million/Barcelona Frenkie de Jong
49%
14 96.2 million/Atletico Madrid Joao Felix
49%
31 80.5 million/Chelsea Timo Werner
49%
9 119 million/Bayern Munchen Alphonso Davies
46%
51 62.5 million/Juventus Paulo Dybala
44%
21 90.5 million/Manchester City Rodri
44%
17 93.5 million/Manchester United Bruno Fernandes
41%
28 84.4 million/Chelsea Kai Havertz
41%
18 93.4 million/Juventus Matthijs de Ligt
41%
33 77.4 million/Manchester City Ederson
38%
27 86.2 million/Bayern Munchen Joshua Kimmich
38%
69 47 million/Atletico Madrid Jam Oblak
36%
57 58.4 million/Real Madrid Eden Hazard
33%
23 88.2 million/Inter Milan Lautaro Martinez
33%
64 51.1 million/Borussia Dortmund Thorgan Hazard
33%
32 79.5 million/Paris Saint Germain Marquinhos
31%
53 61 million/Bayern Munchen Kingsley Coman
28%
46 67.5 million/Barcelona Philippe Coutinho
28%
34 75.1 million/Liverpool Allison
26%
95 33.8 million/Lyon Memphis Depay
26%
60 56.6 million/Real Madrid Raphael Varane
26%
26 87 million/Everton Richarlison
26%
59 56.7 million/Real Madrid Casemiro
23%
89 36.5 million/Fiorentina Federico Chiesa
23%
63 54.4 million/Valencia Maximiliano Gomez
23%
71 45.3 million/Paris Saint Germain Marco Verratti
21%
52 61.7 million/Lyon Houssem Aouar
18%
19 91.4 million/Chelsea Mason Mount
18%
70 45.6 million/Real Madrid Federico Valverde
15%
72 44.8 million/Barcelona Marc-Andre ter Stegen
15%
80 41.7 million/Paris SaitnGermain Mauro Icardi
15%
73 44.3 million/Inter Milan Milan Skriniar
15%
67 47.8 million/Atletico Madrid Alvaro Morata
13%
38 72.6 million/Real Madrid Rodrygo
13%
75 43.7 million/Lazio Sergej Milinkovic-Savic
13%
58 57.3 million/Lille Victor Osimhen
13%
40 70.4 million/Inter Milan Achraf Hakim
10%
94 34.6 million/Lazio Ciro Immobile
10%
82 41.6 million/RB Leipzig Marcel Sabitzer
10%
35 74.2 million/Real Sociedad Mikel Oyarzabal
10%
96 32.6 million/Paris Saint Germain Presnel Kimpembe
10%
25 87.1 million/Atletico Madrid Saul Niguez
10%
56 58.9 million/Inter Milan Christian Eriksen
8%
36 73.9 million/Barcelona Clement Lenglet
8%
45 67.9 million/Borussia Dortmund Julian Brand
8%
65 50.5 million/Real Madrid Luka Jovic
8%
44 67.9 million/Bayern Munchen Benjamin Pavard
5%
79 42 million/Rennes Eduardo Camavinga
5%
87 37.9 million/AC Milan Franck Kessie
5%
74 43.8 million/Lille Jonathan Ikone
5%
92 35.2 million/Paris Saint Germain Leandro Paredes
5%
55 59.2 million/RB Leipzig Lukas Klostermann
5%
83 40.2/ Borussia M'galdbach Marcus Thuram
5%
88 37.5 million/Juventus Miralem Pjanic
5%
50 62.5 million/Roma Nicolo Zaniolo
5%
48 66.2 million/Juventus Rodrigo Bentancur
5%
76 43.2 million/Atletico Madrid Thomas Partey
5%
93 34.9 million/Monaco Wissam Ben Yedder
5%
41 69.7 million/Leicester City Youri Tielemans
5%
97 32.5 million/Monaco Aleksandr Golovin
3%
62 55.9 million/Real Madrid Eder Militao
3%
39 72.2 million/Napoli Fabian Ruiz
3%
43 68.1 million/Chelsea Kepa
3%
54 59.9 million/Inter Milan Nicolo Barella
3%
91 35.8 million/Napoli Piotr Zielinski
3%
78 42.4 million/Borussia Dortmund Raphael Guerreiro
3%
90 35.8 million/Paris Saint Germain Abdou Diallo
0%
49 63.8 million/Juventus Arthur Melo
0%
85 38.5 million/Roma Gianluca Mancini
0%
86 38 million/Napoli Hirving Lozano
0%
77 42.4 million/Roma Justin Kluivert
0%
68 47.4 million/RB Leipzig Konrad Laimer
0%
99 31.4 million/Lyon Lucas Tousart
0%
84 39.7 million/Paris Saint Germain Pablo Sarabia
0%
81 41.6 million/Hoffenheim Robert Skov
0%
100 30.8 million/Paris Saint Germain Thilo Kehrer
0%
98 31.6 million/Lille Zeki Celik
0%
No matching quizzes found
Score Distribution
Percent of People with Each Score
Percentile by Number Answered
Your Score History
You have not taken this quiz